Some remarkable passages in the life of the Honourable Col. James Gardiner : who was slain at the battle of Preston-Pans, 21st September, 1745: with an appendix, relating to the ancient family of the Munroes of Fowlis. By P. Doddridge, ...

Bibliographic Details
Main Author: Doddridge, Philip, 1702-1751
Format: eBook
Language:English
Series:Eighteenth century collections online.
Online Access:Full text online

MARC

Tag First Indicator Second Indicator Subfields
LEADER 00000cam a2200000 4500
001 in00001982979
006 m | d |
007 cr |n||||||||n
008 791208s1776 enk|||| s 00||||eng d
005 20260406211628.8
035 |a (CStRLIN)ESTCT74341 
040 |a Uk-ES  |c Uk-ES  |d CStRLIN  |d Thomson Gale  |d UtOrBLW 
100 1 |a Doddridge, Philip,  |d 1702-1751. 
245 1 0 |a Some remarkable passages in the life of the Honourable Col. James Gardiner :  |b who was slain at the battle of Preston-Pans, 21st September, 1745: with an appendix, relating to the ancient family of the Munroes of Fowlis. By P. Doddridge, ... 
264 3 |a London :  |b printed for J. Buckland, W. Strahan, J. and F. Rivington, S. Crowder, and T. Field,  |c 1776. 
300 |a 12 unnumbered pages, 264p. ;  |c 12⁰. 
336 |a text  |b txt  |2 rdacontent 
337 |a computer  |b c  |2 rdamedia 
338 |a online resource  |b cr  |2 rdacarrier 
500 |a Half-title: 'The life of Col. James Gardiner, .. '. 
500 |a Reproduction of original from the British Library. 
510 4 |a English Short Title Catalog,  |c ESTCT74341. 
533 |a Electronic reproduction.  |b Farmington Hills, Mich. :  |c Thomson Gale,  |d 2003.  |n Available via the World Wide Web.  |n Access limited by licensing agreements  |7 s2003 miunns 
500 |a Electronic resource. 
830 0 |a Eighteenth century collections online. 
856 4 0 |u http://proxy.library.tamu.edu/login?url=https://galenet.galegroup.com/servlet/ECCO?c=1&stp=Author&ste=11&af=BN&ae=T074341&tiPG=1&dd=0&dc=flc&docNum=CW120648972&vrsn=1.0&srchtp=a&d4=0.33&n=10&SU=0LRF&locID=txshracd2898  |z Full text online  |t 0 
999 |a MARS 
999 f f |s 07259ba1-8c62-32bf-9b16-cdb73223fa64  |i 00c6f1cc-89ff-317b-bfb9-eeb44c029c1c  |t 0 
952 f f |a Texas A&M University  |b College Station  |c Electronic Resources  |s www_evans  |d Available Online  |t 0  |h No information provided 
998 f f |t 0  |l Available Online